000
00284nam a2200121Ia 4500
008
190216s9999||||xx |||||||||||||| ||und||
100
_a
Archbod J W
245
0
_a
Algebra
260
_b
The English Language Book Society
_c
1977
300
_a
554p
650
_a
Mathematics
942
_c
BK
999
_c
30615
_d
30615